000 00381 a2200169 4500
001 52813
020 _a
040 _cAnchieta - Pituba
100 _aMustafa, Allysson Queiroz
240 1 0 _a1ª História, I unidade
_lpor
245 1 0 _a1ª História, I unidade
300 _a8
362 0 _a2015
440 1 _aColégio Anchieta
650 4 _aHistória do mundo
942 _cBK
999 _c52813
_d52813